Central Library OPAC University of Rajshahi

বিংশ শতাব্দীতে তাফসীর চর্চা : (Record no. 77645)

MARC details
000 -LEADER
fixed length control field 01535nam a2200253 a 4500
001 - CONTROL NUMBER
control field 77645
003 - CONTROL NUMBER IDENTIFIER
rucl marc code BD-RjUL
005 - DATE AND TIME OF LATEST TRANSACTION
control field 20211209083015.0
008 - FIXED-LENGTH DATA ELEMENTS--GENERAL INFORMATION
fixed length control field 201217s2006 bg ||||| m||| 00| 0 ben d
035 ## - SYSTEM CONTROL NUMBER
System control number (BD-RjUL)77871
040 ## - CATALOGING SOURCE
Original cataloging agency BD-RjUL
Language of cataloging ben/eng
Modifying agency BD-RjUL
041 ## - LANGUAGE CODE
Language code of text/sound track or separate title ben
082 ## - DEWEY DECIMAL CLASSIFICATION NUMBER
Classification number 297.1226
Author mark and year SIB 2006
Edition number 23
100 ## - MAIN ENTRY--PERSONAL NAME
Personal name ছিদ্দিকী, ফেরদৌস আলম
9 (RLIN) 242633
245 10 - TITLE STATEMENT
Title বিংশ শতাব্দীতে তাফসীর চর্চা :
Remainder of title একটি সমীক্ষা /
Statement of responsibility, etc. ফেরদৌস আলম ছিদ্দিকী ;
Linkage সুপারভাইজার : মোহাম্মদ বেলাল হোসেন
260 ## - PUBLICATION, DISTRIBUTION, ETC. (IMPRINT)
Place of publication, distribution, etc. রাজশাহী :
Name of publisher, distributor, etc. ইসলামিক স্টাডিজ বিভাগ, রাজশাহী বিশ্ববিদ্যালয়,
Date of publication, distribution, etc. ২০০৬
300 ## - PHYSICAL DESCRIPTION
Pagination xi, ৩৫১ পাতা ;
Size ২৯ সেমি.
502 ## - DISSERTATION NOTE
Dissertation note থিসিস (পিএইচ. ডি.) -- ইসলামিক স্টাডিজ বিভাগ, রাজশাহী বিশ্ববিদ্যালয়, ২০০৬
504 ## - BIBLIOGRAPHY, ETC. NOTE
Bibliography, etc গ্রন্থপঞ্জি : পাতা [৩৩৮]-৩৫১
650 ## - SUBJECT ADDED ENTRY--TOPICAL TERM
Topical term or geographic name as entry element কুরআন
General subdivision সমালোচনা, ব্যাখ্যা ইত্যাদি
9 (RLIN) 242878
Topical term or geographic name as entry element Qur'an
General subdivision Criticism, interpretation, etc.
9 (RLIN) 242879
700 ## - ADDED ENTRY--PERSONAL NAME
Personal name হোসেন, মোহাম্মদ বেলাল, সুপারভাইজার
942 ## - ADDED ENTRY ELEMENTS (KOHA)
Source of classification or shelving scheme Dewey Decimal Classification
Koha item type Theses
Holdings
Lost status Source of classification or shelving scheme Damaged status Not for loan Collection code Permanent Location Current Location Shelving location Date acquired Source of acquisition Total Checkouts Full call number Date last seen Copy number Koha item type
  Dewey Decimal Classification   Not For Loan Theses Central Library, University of Rajshahi Central Library, University of Rajshahi Documentation Section 10/02/2007 Controller of Exam. , R.U.   BTHE 297.1226 SIB 2006 17/12/2020 C-1 Theses